Computer graphics (Record no. 810)

MARC details
000 -LEADER
fixed length control field 00485 a2200181 4500
001 - CONTROL NUMBER
control field 066810
003 - CONTROL NUMBER IDENTIFIER
control field OSt
005 - DATE AND TIME OF LATEST TRANSACTION
control field 20211008170153.0
008 - FIXED-LENGTH DATA ELEMENTS--GENERAL INFORMATION
fixed length control field
082 ## - DEWEY DECIMAL CLASSIFICATION NUMBER
Classification number 006.67
Item number H35C
100 1# - MAIN ENTRY--PERSONAL NAME
Personal name Hearn, Donald
245 1# - TITLE STATEMENT
Title Computer graphics
Statement of responsibility, etc by Donald Hearn and M. Pauline Baker
260 ## - PUBLICATION, DISTRIBUTION, ETC. (IMPRINT)
Place of publication, distribution, etc New Delhi
Name of publisher, distributor, etc Pearson
Date of publication, distribution, etc 2009
300 ## - PHYSICAL DESCRIPTION
Extent 660p.
690 ## - LOCAL SUBJECT ADDED ENTRY--TOPICAL TERM (OCLC, RLIN)
Topical term or geographic name as entry element Computer graphics; C (Computer program language)
700 ## - ADDED ENTRY--PERSONAL NAME
Personal name Baker, M. Pauline
942 ## - ADDED ENTRY ELEMENTS (KOHA)
Source of classification or shelving scheme Dewey Decimal Classification
Koha item type Books
Holdings
Withdrawn status Lost status Source of classification or shelving scheme Damaged status Not for loan Collection code Home library Current library Date acquired Source of acquisition Cost, normal purchase price Full call number Barcode Date last seen Price effective from Koha item type
    Dewey Decimal Classification     General Text Book Central University Of Rajasthan Central University Of Rajasthan 07/03/2012 CSC 585.00 006.67 H35C 1096 21/11/2024 02/09/2020 Books